| 000 | 00494nam a2200181Ia 4500 | ||
|---|---|---|---|
| 003 | GCL | ||
| 008 | 140319s9999 xx 000 0 ara d | ||
| 040 |
_aGCL / _cGCL |
||
| 082 | 0 | 4 |
_a325.3 _bا م |
| 100 | 1 | _aامرسن، روبرت | |
| 245 | 1 | 0 |
_aمن الاستعمار الى الاستقلال / _cامرسن، روبرت |
| 700 | 1 | _aنقولا الدر | |
| 300 | _a590 ص | ||
| 490 | _a | ||
| 650 | 0 | 4 | _aالسياسة والحرب |
| 650 | 0 | 4 | _aالاستعمار |
| 942 |
_2ddc _cBK |
||
| 999 |
_c45897 _d45897 |
||